<?xml version="1.0" encoding="UTF-8"?>
<record
    xmlns:xsi="http://www.w3.org/2001/XMLSchema-instance"
    xsi:schemaLocation="http://www.loc.gov/MARC21/slim http://www.loc.gov/standards/marcxml/schema/MARC21slim.xsd"
    xmlns="http://www.loc.gov/MARC21/slim">

  <leader>01116cam a2200277 i 4500</leader>
  <controlfield tag="001">78521</controlfield>
  <controlfield tag="003">BD-RjUL</controlfield>
  <controlfield tag="005">20211209083135.0</controlfield>
  <controlfield tag="008">210930s19641947ua a     b    000 0 ara d</controlfield>
  <datafield tag="035" ind1=" " ind2=" ">
    <subfield code="a">(BD-RjUL)78747</subfield>
  </datafield>
  <datafield tag="040" ind1=" " ind2=" ">
    <subfield code="a">OSU</subfield>
    <subfield code="b">eng</subfield>
    <subfield code="e">rda</subfield>
    <subfield code="c">OSU</subfield>
    <subfield code="d">LEILA</subfield>
    <subfield code="d">TEF</subfield>
    <subfield code="d">IUL</subfield>
    <subfield code="d">MEAUC</subfield>
    <subfield code="d">DLC</subfield>
  </datafield>
  <datafield tag="041" ind1=" " ind2=" ">
    <subfield code="a">eng</subfield>
  </datafield>
  <datafield tag="042" ind1=" " ind2=" ">
    <subfield code="a">lccopycat</subfield>
    <subfield code="a">lcode</subfield>
  </datafield>
  <datafield tag="043" ind1=" " ind2=" ">
    <subfield code="a">f-ua---</subfield>
    <subfield code="a">aw-----</subfield>
    <subfield code="a">ff-----</subfield>
    <subfield code="a">e-sp---</subfield>
  </datafield>
  <datafield tag="082" ind1=" " ind2=" ">
    <subfield code="2">23</subfield>
    <subfield code="a">962.024</subfield>
    <subfield code="b">HAM 1964</subfield>
  </datafield>
  <datafield tag="100" ind1=" " ind2=" ">
    <subfield code="a"> Hassan, Ali Ibrahim ;; &#x62D;&#x633;&#x646;,  &#x639;&#x644;&#x64A; &#x627;&#x628;&#x631;&#x627;&#x647;&#x64A;&#x645;</subfield>
    <subfield code="9">248752</subfield>
  </datafield>
  <datafield tag="245" ind1="0" ind2="3">
    <subfield code="a"> &#x645;&#x635;&#x631; &#x641;&#x64A; &#x627;&#x644;&#x639;&#x635;&#x648;&#x631; &#x627;&#x644;&#x648;&#x633;&#x637;&#x649; &#x645;&#x646; &#x627;&#x644;&#x641;&#x62A;&#x62D; &#x627;&#x644;&#x639;&#x631;&#x628;&#x64A; &#x625;&#x644;&#x649; &#x627;&#x644;&#x641;&#x62A;&#x62D; &#x627;&#x644;&#x639;&#x62B;&#x645;&#x627;&#x646;&#x64A; ;;  Mi&#x1E63;r f&#x12B; al-&#x2BB;u&#x1E63;&#x16B;r al-wus&#x1E6D;&#xE1;  min alfath alarabii 'iilaa alfath aluthmanii/</subfield>
    <subfield code="c">Ali Ibrahim Hassan  ;;  &#x639;&#x644;&#x64A; &#x627;&#x628;&#x631;&#x627;&#x647;&#x64A;&#x645; &#x62D;&#x633;&#x646;</subfield>
  </datafield>
  <datafield tag="250" ind1=" " ind2=" ">
    <subfield code="a">5th.ed. </subfield>
  </datafield>
  <datafield tag="264" ind1=" " ind2="1">
    <subfield code="a">al-Q&#x101;hirah :</subfield>
    <subfield code="b">matbat alnahja misriah,</subfield>
    <subfield code="c">1964</subfield>
  </datafield>
  <datafield tag="300" ind1=" " ind2=" ">
    <subfield code="a">570 pages :</subfield>
    <subfield code="b">illustrations ;</subfield>
    <subfield code="c">23 cm</subfield>
  </datafield>
  <datafield tag="504" ind1=" " ind2=" ">
    <subfield code="a">Includes bibliographical references </subfield>
  </datafield>
  <datafield tag="651" ind1=" " ind2="0">
    <subfield code="a">Egypt</subfield>
    <subfield code="x">History</subfield>
    <subfield code="y">640-1250.</subfield>
    <subfield code="9">248753</subfield>
  </datafield>
  <datafield tag="651" ind1=" " ind2="0">
    <subfield code="a">Egypt</subfield>
    <subfield code="x">History</subfield>
    <subfield code="y">1250-1517.</subfield>
    <subfield code="9">248754</subfield>
  </datafield>
  <datafield tag="651" ind1=" " ind2="0">
    <subfield code="a">Islamic Empire</subfield>
    <subfield code="x">History.</subfield>
    <subfield code="9">248755</subfield>
  </datafield>
  <datafield tag="942" ind1=" " ind2=" ">
    <subfield code="2">ddc</subfield>
    <subfield code="c">BK</subfield>
  </datafield>
  <datafield tag="999" ind1=" " ind2=" ">
    <subfield code="c">78521</subfield>
    <subfield code="d">78521</subfield>
  </datafield>
  <datafield tag="952" ind1=" " ind2=" ">
    <subfield code="0">0</subfield>
    <subfield code="1">0</subfield>
    <subfield code="2">ddc</subfield>
    <subfield code="4">0</subfield>
    <subfield code="7">1</subfield>
    <subfield code="8">NFIC</subfield>
    <subfield code="a">RUCL</subfield>
    <subfield code="b">RUCL</subfield>
    <subfield code="c">Reading</subfield>
    <subfield code="d">1968-09-16</subfield>
    <subfield code="e">zeitlinger</subfield>
    <subfield code="g">130.00</subfield>
    <subfield code="l">0</subfield>
    <subfield code="o">A 962.024 HAM 1964</subfield>
    <subfield code="r">2021-09-30 00:00:00</subfield>
    <subfield code="t">C-1</subfield>
    <subfield code="w">2021-09-30</subfield>
    <subfield code="y">BK</subfield>
  </datafield>
</record>
